Регионална библиотека "Любен Каравелов" - Русе

Русенското земеделие преди и след промените (Запис номер 323194)

MARC детайли
000 -Лидер
Контролно поле с фиксирана дължина 01682aam a2200385 a 4500
003 - Код на организацията, давaща контролен номер
Контролно поле BLK
005 - Дата и час на последна редакция
Контролно поле 20250516102413.0
008 - Елементи от данни с фиксирана дължина
fixed length control field 181015b bu ||||| |||| 00| 0 bu d
020 ## - Международен стандартен номер на книга ISBN
Международен стандартен номер на книга ISBN 978-954-712-732-6
040 ## - Източник на каталожния запис
Идентификатор на билиотеката - собственик на записа BLK
041 ## - Код за език
Код за езика на текст/звукозапис или на отделно заглавие Български
Код за езика КДБФ Български
072 ## - Код за тематичната категория
9 (RLIN) 178370
Код за тематична категория Я
Текст Автографи
080 ## - УДК
Текстов определител УДК Организация и управление на селскостопанското производство. Земеделие. Градинарство
УДК код - определител по УДК 631/635
УДК определител (497.215)
УДК - код + определител 631/635(497.215)
080 ## - УДК
Текстов определител УДК Полевъдство. Полски култури и производството им
УДК код - определител по УДК 633
УДК определител (497.215)
УДК - код + определител 633(497.215)
100 ## - Редна дума - Автор
Автор Русев, Димитър
Авторска отговорност първи автор
R(LIN) 1299
139 ## - Редно поле
Редна дума Русев, Димитър
Авторски знак Русе - Р 94
245 ## - Сведения за заглавието
Заглавие Русенското земеделие преди и след промените
Редно поле (дума) Димитър Русев
260 ## - Област на издателските данни
Име на издателя, разпространителя и проч. Изд. център при РУ "Ангел Кънчев"
Година на издаване 2017
Място на издаване, разпространение и проч. Русе
300 ## - Физическа характеристика
Страници 236 с.
Размери/Мащаб 21 см
380 ## - Жанр
Жанр Селско стопанство
500 ## - Общи забележки
Забележка Цялото име на авт. - Димитър Русев Добрев.
650 #0 - Допълнително описание по предмет – тема
9 (RLIN) 337517
Основно описание – тема или топоним Русе - селско стопанство
650 #0 - Допълнително описание по предмет – тема
9 (RLIN) 304461
Основно описание – тема или топоним Земеделие - България - история
650 #0 - Допълнително описание по предмет – тема
9 (RLIN) 269258
Основно описание – тема или топоним Селско стопанство - България
651 #7 - Допълнително описание по предмет - топоним
9 (RLIN) 179464
Географско понятие Русенско
653 #7 - Ключова дума – ненормативна
9 (RLIN) 186944
Ключова дума земеделие
653 #7 - Ключова дума – ненормативна
9 (RLIN) 196408
Ключова дума селско стопанство
653 #7 - Ключова дума – ненормативна
9 (RLIN) 195874
Ключова дума Русенско
852 ## - Местоположение
Форматна сигнатура Цб 292915
Фондова буква Хранилище
852 ## - Местоположение
Форматна сигнатура К 63/Р 94
999 ## - СИСТЕМНИ КОНТРОЛНИ НОМЕРА
Koha biblionumber 323194
Koha biblioitemnumber 323194
942 ## - АРТИКУЛИ
Вид на библиотечния материал Книги
Източник на класификационната схема Universal Decimal Classification
Скрит в OPAC Не
Koha issues (borrowed), all copies 4
Периодичен библиозапис Да
999 ## - СИСТЕМНИ КОНТРОЛНИ НОМЕРА
Koha biblioitemnumber 323194
999 ## - СИСТЕМНИ КОНТРОЛНИ НОМЕРА
Koha biblioitemnumber 323194
999 ## - СИСТЕМНИ КОНТРОЛНИ НОМЕРА
Koha biblioitemnumber 323194
944 ## - СЪЗДАВАНЕ И РЕДАКЦИЯ на ЗАПИСА
Служител, извършил регистрацията/редакцията 30535
Статус, дата на статуса Христина Везирева
Наличности
Код за отписване Код за изгубен артикул Източник на класификационната схема Код за повреда Код за отдаване Артикулен № Име на библиотеката - собственик Име на библиотеката, в която се намира в момента Статус (Текущо местоположение) Дата на вписване в системата Местоположение - отдел Цена в лева Инвентарен номер Систематично азбучна сигнатура Баркод Цена в евро Служебен тип на артикула Бележка за публиката Коз за рестрикции
  Не е изгубен Universal Decimal Classification Не е повреден ползва се в читалня 677957 Регионална библиотека "Любен Каравелов" Русе Регионална библиотека "Любен Каравелов" Русе Основен фонд - ползва се само за читалня 2018-06-26 Хранилище 20.00 120000821750 Цб 292215 120000821750 10.23 Книги Автограф Димитър Русев  
  Не е изгубен Universal Decimal Classification Не е повреден заемане за дома 677958 Регионална библиотека "Любен Каравелов" Русе Регионална библиотека "Любен Каравелов" Русе Заемна - подръчен фонд 2018-06-26 Заемна - подръчен фонд 20.00 120000821749 П 631/635/Р 94 120000821749 10.23 Книги    
  Не е изгубен Universal Decimal Classification Не е повреден ползва се в читалня 677959 Регионална библиотека "Любен Каравелов" Русе Регионална библиотека "Любен Каравелов" Русе Краезнание 2018-06-26 Краезнание 20.00 120000821751 К 63/Р 94 120000821751 10.23 Книги Автограф Димитър Русев  
Изтеглен Не е изгубен Universal Decimal Classification Не е повреден заемане за дома 730898 Регионална библиотека "Любен Каравелов" Русе Регионална библиотека "Любен Каравелов" Русе Заемна - подръчен фонд 2019-07-18 Заемна - подръчен фонд 10.00   П 631/635/Р 94 120000834532 5.11 Книги   без рестрикции
Vip Innovations Ltd, Rousse, Bulgaria 2025